[Event "RN-2015-0-01047"]
[Site "LSS email"]
[Date "2015.11.14"]
[Round "?"]
[White "Bieszk, Stanislaw"]
[Black "Csapo, Andras"]
[Result "1-0"]
[WhiteElo "906"]
[BlackElo "655"]
[PlyCount "63"]
[EventDate "2015.11.06"]
[EventType "tourn (corr)"]
[EventRounds "6"]
[EventCountry "GER"]
[SourceTitle "Corr 2022"]
[Source "ChessBase"]
[SourceDate "2021.10.24"]
[SourceVersion "1"]
[SourceVersionDate "2021.10.24"]
[SourceQuality "1"]

1. a3 Nc6 2. b4 b5 3. Bb2 Nf6 4. g3 e5 5. Bg2 Bb7 6. e3 d5 7. Ne2 a5 8. c3 a4 9. 0-0 Bd6 10. d4 e4 11. Nd2 0-0 12. Nf4 Ne7 13. f3 Qd7 14. Bh3 Nf5 15. Qe2 Bxf4 16. gxf4 Ng3 17. hxg3 Qxh3 18. Qg2 Qe6 19. fxe4 dxe4 20. f5 Qd5 21. g4 g6 22. g5 Nh5 23. Qg4 Bc8 24. Nxe4 Bxf5 25. Rxf5 Qxf5 26. Qxf5 gxf5 27. Nf6+ Nxf6 28. gxf6 Rfe8 29. Kf2 Re6 30. Rg1+ Kh8 31. d5 Rxf6 32. c4 1-0

[Event "LSS No Engine Cup 142 Preliminary 0"]
[Site "LSS email"]
[Date "2015.11.10"]
[Round "?"]
[White "Csapo, Andras"]
[Black "Shim Ng Min, Francis"]
[Result "0-1"]
[WhiteElo "1600"]
[BlackElo "1510"]
[PlyCount "44"]
[EventDate "2015.11.11"]
[EventType "tourn (corr)"]
[EventRounds "6"]
[EventCountry "GER"]
[SourceTitle "Corr 2022"]
[Source "ChessBase"]
[SourceDate "2021.10.24"]
[SourceVersion "1"]
[SourceVersionDate "2021.10.24"]
[SourceQuality "1"]

1. Nc3 e5 2. e4 Nf6 3. Nf3 Nc6 4. Bb5 Bb4 5. Bxc6 dxc6 6. Nxe5 Bxc3 7. bxc3 Nxe4 8. Qe2 f5 9. Qc4 Qe7 10. d4 Be6 11. Nxc6 Bxc4 12. Nxe7 Kxe7 13. Ba3+ Kf6 14. f3 Nxc3 15. Bb2 Nd5 16. g4 Rae8+ 17. Kd2 Re2+ 18. Kd1 Ne3+ 19. Kc1 Rxc2+ 20. Kb1 Bd3 21. d5+ Kf7 22. Bd4 Rxh2+ 0-1

[Event "SN-2015-0-00714"]
[Site "LSS email"]
[Date "2015.11.09"]
[Round "?"]
[White "Liles, Chris"]
[Black "Csapo, Andras"]
[Result "1-0"]
[WhiteElo "824"]
[BlackElo "620"]
[PlyCount "47"]
[EventDate "2015.10.21"]
[EventType "tourn (corr)"]
[EventRounds "6"]
[EventCountry "GER"]
[SourceTitle "Corr 2022"]
[Source "ChessBase"]
[SourceDate "2021.10.24"]
[SourceVersion "1"]
[SourceVersionDate "2021.10.24"]
[SourceQuality "1"]

1. d4 d5 2. Nf3 Nf6 3. e3 Nc6 4. c3 Bf5 5. Bd3 Bg4 6. Nbd2 e6 7. 0-0 a6 8. Re1 Bd6 9. e4 Bxf3 10. Nxf3 dxe4 11. Bxe4 Nxe4 12. Rxe4 Qf6 13. Qd3 0-0 14. Rh4 h6 15. Rh3 b5 16. a3 Rae8 17. Qe4 e5 18. d5 Na5 19. Ng5 Qg6 20. Qxg6 fxg6 21. Ne6 Rf6 22. Be3 c6 23. Nxg7 Kxg7 24. Bxh6+ 1-0

[Event "SN-2015-0-00714"]
[Site "LSS email"]
[Date "2015.11.08"]
[Round "?"]
[White "Dietle, Robert"]
[Black "Csapo, Andras"]
[Result "1-0"]
[WhiteElo "1900"]
[BlackElo "620"]
[PlyCount "29"]
[EventDate "2015.10.21"]
[EventType "tourn (corr)"]
[EventRounds "6"]
[EventCountry "GER"]
[SourceTitle "Corr 2022"]
[Source "ChessBase"]
[SourceDate "2021.10.24"]
[SourceVersion "1"]
[SourceVersionDate "2021.10.24"]
[SourceQuality "1"]

1. d4 d5 2. c4 c5 3. cxd5 cxd4 4. Qxd4 e6 5. Nc3 Qa5 6. Be3 Nf6 7. Qa4+ Qxa4 8. Nxa4 Bb4+ 9. Bd2 Bxd2+ 10. Kxd2 exd5 11. f3 0-0 12. e3 Nc6 13. Ne2 b5 14. Nac3 b4 15. Nb5 1-0

[Event "ZN-2015-0-03170"]
[Site "LSS email"]
[Date "2015.11.01"]
[Round "?"]
[White "Churyaev, Aleksej"]
[Black "Csapo, Andras"]
[Result "1-0"]
[WhiteElo "909"]
[BlackElo "620"]
[PlyCount "65"]
[EventDate "2015.10.21"]
[EventType "match (corr)"]
[EventRounds "2"]
[EventCountry "GER"]
[SourceTitle "Corr 2022"]
[Source "ChessBase"]
[SourceDate "2021.10.24"]
[SourceVersion "1"]
[SourceVersionDate "2021.10.24"]
[SourceQuality "1"]

1. e4 d5 2. exd5 Qxd5 3. Nc3 Qe6+ 4. Be2 Nf6 5. d3 g6 6. Nf3 Bg7 7. h3 0-0 8. Nd4 Qb6 9. Nb3 Rd8 10. Be3 Qd6 11. Qd2 Nc6 12. a3 Nd5 13. Nxd5 Qxd5 14. Bf3 Qe5 15. c3 Bf5 16. d4 Qb5 17. Nc1 e5 18. a4 Qc4 19. b3 Qe6 20. d5 Qd6 21. dxc6 bxc6 22. Qxd6 Rxd6 23. Bc5 Rd7 24. Bxc6 Rad8 25. Bxd7 Rxd7 26. Bb4 e4 27. Ke2 Rd5 28. g4 Be6 29. Rd1 Rg5 30. Rd8+ Bf8 31. Bxf8 Rd5 32. Be7+ Rxd8 33. Bxd8 1-0

[Event "SN-2015-0-00712"]
[Site "LSS email"]
[Date "2015.10.31"]
[Round "?"]
[White "Csapo, Andras"]
[Black "Neumann, Frank"]
[Result "0-1"]
[WhiteElo "618"]
[BlackElo "520"]
[PlyCount "40"]
[EventDate "2015.10.18"]
[EventType "tourn (corr)"]
[EventRounds "6"]
[EventCountry "GER"]
[SourceTitle "Corr 2022"]
[Source "ChessBase"]
[SourceDate "2021.10.24"]
[SourceVersion "1"]
[SourceVersionDate "2021.10.24"]
[SourceQuality "1"]

1. Nf3 Nc6 2. Nc3 Nf6 3. d4 e6 4. e4 Be7 5. Bc4 Na5 6. Qd3 Nxc4 7. Qxc4 0-0 8. e5 Ng4 9. h3 Nh6 10. Bxh6 a6 11. Be3 b5 12. Qd3 Bb7 13. a3 d5 14. 0-0 Qd7 15. b4 Rad8 16. Bg5 Bxg5 17. Nxg5 g6 18. Ne2 Qe7 19. Nf3 c6 20. c3 Kg7 0-1

[Event "LSS No Engine Cup 141 Preliminary 0"]
[Site "LSS email"]
[Date "2015.10.30"]
[Round "?"]
[White "Csapo, Andras"]
[Black "Meijers, John"]
[Result "0-1"]
[WhiteElo "1600"]
[BlackElo "1373"]
[PlyCount "24"]
[EventDate "2015.10.31"]
[EventType "tourn (corr)"]
[EventRounds "6"]
[EventCountry "GER"]
[SourceTitle "Corr 2022"]
[Source "ChessBase"]
[SourceDate "2021.10.24"]
[SourceVersion "1"]
[SourceVersionDate "2021.10.24"]
[SourceQuality "1"]

1. Nf3 e6 2. Nc3 Nc6 3. e4 d6 4. d4 Nf6 5. Bb5 Bd7 6. d5 Nb4 7. a3 Na6 8. Qd3 Nc5 9. Bxd7+ Qxd7 10. Qb5 Qxb5 11. Nd4 Qd7 12. dxe6 Nxe6 0-1

[Event "LSS No Engine Cup 141 Preliminary 0"]
[Site "LSS email"]
[Date "2015.10.30"]
[Round "?"]
[White "Csapo, Andras"]
[Black "Wilshusen, Horst"]
[Result "0-1"]
[WhiteElo "1600"]
[BlackElo "1700"]
[PlyCount "74"]
[EventDate "2015.10.31"]
[EventType "tourn (corr)"]
[EventRounds "6"]
[EventCountry "GER"]
[SourceTitle "Corr 2022"]
[Source "ChessBase"]
[SourceDate "2021.10.24"]
[SourceVersion "1"]
[SourceVersionDate "2021.10.24"]
[SourceQuality "1"]

1. Nf3 d5 2. d4 c6 3. Bf4 Nd7 4. Nc3 Ngf6 5. Qd3 Nh5 6. Qe3 Nxf4 7. Qxf4 h6 8. e4 e6 9. exd5 exd5 10. Ne5 Nxe5 11. Qxe5+ Qe7 12. Qxe7+ Bxe7 13. 0-0-0 0-0 14. Re1 Bf6 15. h3 Bf5 16. g4 Bh7 17. f4 Rfe8 18. Be2 Bxd4 19. h4 Be3+ 20. Kd1 Bxf4 21. b4 Re6 22. g5 Rae8 23. gxh6 Bxh6 24. a4 d4 25. Nb1 b6 26. Nd2 Bxc2+ 27. Kxc2 Rxe2 28. Rxe2 Rxe2 29. Rd1 c5 30. Kd3 Rxd2+ 31. Rxd2 Bxd2 32. Kxd2 c4 33. Kc2 f5 34. Kd2 c3+ 35. Kd3 f4 36. Ke2 c2 37. Kd2 d3 0-1

[Event "RN-2015-0-01035"]
[Site "LSS email"]
[Date "2015.10.21"]
[Round "?"]
[White "Bortnicker, Justin"]
[Black "Csapo, Andras"]
[Result "0-1"]
[WhiteElo "805"]
[BlackElo "628"]
[PlyCount "22"]
[EventDate "2015.09.30"]
[EventType "tourn (corr)"]
[EventRounds "6"]
[EventCountry "GER"]
[SourceTitle "Corr 2022"]
[Source "ChessBase"]
[SourceDate "2021.10.24"]
[SourceVersion "1"]
[SourceVersionDate "2021.10.24"]
[SourceQuality "1"]

1. e4 Nc6 2. Bc4 Nf6 3. Nc3 e6 4. Nf3 Bc5 5. 0-0 0-0 6. Re1 Ng4 7. Rf1 Qf6 8. b3 Nce5 9. Bb2 Qf4 10. h3 Nxf3+ 11. Qxf3 Qh2# 0-1

[Event "OP-2015-0-03847"]
[Site "LSS email"]
[Date "2015.10.21"]
[Round "?"]
[White "Csapo, Andras"]
[Black "Janousek, Ladislav"]
[Result "0-1"]
[WhiteElo "611"]
[BlackElo "1267"]
[PlyCount "96"]
[EventDate "2015.10.17"]
[EventType "tourn (corr)"]
[EventRounds "4"]
[EventCountry "GER"]
[SourceTitle "Corr 2022"]
[Source "ChessBase"]
[SourceDate "2021.10.24"]
[SourceVersion "1"]
[SourceVersionDate "2021.10.24"]
[SourceQuality "1"]

1. Nf3 Nc6 2. Nc3 d6 3. d4 d5 4. Bf4 a6 5. e4 e6 6. Bd3 Bd6 7. exd5 Bxf4 8. dxc6 bxc6 9. g3 Bd6 10. 0-0 a5 11. a4 Nf6 12. Qd2 Bb4 13. Qg5 Be7 14. Qxg7 Rg8 15. Qh6 Rh8 16. Ne4 Nxe4 17. Bxe4 Bd7 18. Qg7 Bf6 19. Qg4 Qe7 20. Ne5 Bxe5 21. dxe5 h5 22. Qg7 0-0-0 23. Qf6 Qxf6 24. exf6 Rh6 25. Rfd1 Rxf6 26. Rd3 e5 27. c3 Rd6 28. Rf3 f6 29. b4 axb4 30. cxb4 Bh3 31. Bc2 e4 32. Re3 f5 33. a5 Kb8 34. Rb3 Ka7 35. Rc3 Rb8 36. Ba4 Rxb4 37. Bxc6 f4 38. gxf4 Bd7 39. Rac1 Rg6+ 40. Kf1 Bh3+ 41. Ke1 Rg1+ 42. Ke2 Rb2+ 43. Ke3 Rxc1 44. Rxc1 Rb3+ 45. Kxe4 Bg2+ 46. Ke5 Bxc6 47. Rxc6 Rb5+ 48. Kd4 Kb7 0-1

[Event "RN-2015-0-01035"]
[Site "LSS email"]
[Date "2015.10.21"]
[Round "?"]
[White "Csapo, Andras"]
[Black "Lenz, Juergen"]
[Result "1/2-1/2"]
[WhiteElo "628"]
[BlackElo "1134"]
[PlyCount "91"]
[EventDate "2015.09.30"]
[EventType "tourn (corr)"]
[EventRounds "6"]
[EventCountry "GER"]
[SourceTitle "Corr 2022"]
[Source "ChessBase"]
[SourceDate "2021.10.24"]
[SourceVersion "1"]
[SourceVersionDate "2021.10.24"]
[SourceQuality "1"]

1. Nf3 d5 2. d4 Bf5 3. Bf4 e6 4. c4 c6 5. c5 b6 6. Bxb8 Rxb8 7. Ne5 Qc7 8. cxb6 Bb4+ 9. Nd2 Rxb6 10. a3 Bd6 11. Nd3 Bxd3 12. exd3 Rxb2 13. Nb3 Qb6 14. Rb1 Rxb1 15. Qxb1 Nf6 16. Be2 0-0 17. Qb2 Rb8 18. Bd1 a5 19. Qa2 Qb5 20. Bc2 a4 21. Nc5 Bxc5 22. dxc5 Qxc5 23. 0-0 Qa5 24. Rb1 Rxb1+ 25. Qxb1 g6 26. g3 Nd7 27. Qb7 Nf6 28. Qxc6 Qe1+ 29. Kg2 Ng4 30. Qc5 Kg7 31. h3 Ne5 32. Bxa4 Nxd3 33. Qd4+ Ne5 34. f4 Qe2+ 35. Qf2 Qe4+ 36. Kg1 Nf3+ 37. Kf1 d4 38. Bd1 Qd3+ 39. Qe2 Nd2+ 40. Kf2 Qc3 41. Qe5+ f6 42. Qxe6 d3 43. Qe7+ Kg8 44. Qe8+ Kg7 45. Qe7+ Kg8 46. Qe8+ 1/2-1/2

[Event "RN-2015-0-01035"]
[Site "LSS email"]
[Date "2015.10.21"]
[Round "?"]
[White "Csapo, Andras"]
[Black "Venturas, Bob"]
[Result "1-0"]
[WhiteElo "628"]
[BlackElo "634"]
[PlyCount "53"]
[EventDate "2015.09.30"]
[EventType "tourn (corr)"]
[EventRounds "6"]
[EventCountry "GER"]
[SourceTitle "Corr 2022"]
[Source "ChessBase"]
[SourceDate "2021.10.24"]
[SourceVersion "1"]
[SourceVersionDate "2021.10.24"]
[SourceQuality "1"]

1. Nf3 Nc6 2. Nc3 d5 3. d4 a6 4. e4 e6 5. exd5 exd5 6. Bd3 h6 7. Qe2+ Be7 8. 0-0 Be6 9. Bf4 Nf6 10. Ne5 Nxe5 11. Bxe5 Qd7 12. Bxf6 Bxf6 13. Bf5 0-0-0 14. Bxe6 fxe6 15. Qd3 g5 16. b4 Qc6 17. b5 axb5 18. Nxb5 Kb8 19. Rab1 Qc4 20. Qa3 Bxd4 21. Nxd4 Qxd4 22. Rb4 Qe5 23. Rfb1 b6 24. Ra4 Kc8 25. Ra7 Qd6 26. Qa4 c6 27. Qa6+ 1-0

[Event "OP-2015-0-03847"]
[Site "LSS email"]
[Date "2015.10.21"]
[Round "?"]
[White "Garcia, Javier"]
[Black "Csapo, Andras"]
[Result "1-0"]
[WhiteElo "824"]
[BlackElo "611"]
[PlyCount "65"]
[EventDate "2015.10.17"]
[EventType "tourn (corr)"]
[EventRounds "4"]
[EventCountry "GER"]
[SourceTitle "Corr 2022"]
[Source "ChessBase"]
[SourceDate "2021.10.24"]
[SourceVersion "1"]
[SourceVersionDate "2021.10.24"]
[SourceQuality "1"]

1. d4 d5 2. Nf3 Nf6 3. Bf4 c5 4. dxc5 Qa5+ 5. Nc3 Qxc5 6. e3 Bg4 7. h3 Bh5 8. Bb5+ Nbd7 9. Bxd7+ Nxd7 10. Qd4 Bxf3 11. Qxc5 Nxc5 12. gxf3 e6 13. 0-0-0 Be7 14. Rhg1 0-0 15. Rg2 Bf6 16. Rdg1 g6 17. Nb5 e5 18. Bh6 Rfc8 19. Bg5 Bxg5 20. Rxg5 Nd3+ 21. Kd2 Nxf2 22. Rxe5 Rc5 23. Nd6 Nxh3 24. Rh1 Nf2 25. Rh2 b5 26. Rxf2 a5 27. e4 Ra6 28. Nb7 Rc7 29. Re8+ Kg7 30. Nd8 a4 31. e5 Rc8 32. Ne6+ Rxe6 33. Rxc8 1-0

[Event "LSS No Engine Cup 140 Preliminary 0"]
[Site "LSS email"]
[Date "2015.10.12"]
[Round "?"]
[White "Csapo, Andras"]
[Black "Rojas, Fernando"]
[Result "0-1"]
[WhiteElo "1600"]
[BlackElo "1684"]
[PlyCount "76"]
[EventDate "2015.10.13"]
[EventType "tourn (corr)"]
[EventRounds "6"]
[EventCountry "GER"]
[SourceTitle "Corr 2022"]
[Source "ChessBase"]
[SourceDate "2021.10.24"]
[SourceVersion "1"]
[SourceVersionDate "2021.10.24"]
[SourceQuality "1"]

1. Nf3 Nf6 2. Nc3 Nc6 3. d4 e6 4. e4 Be7 5. Bc4 0-0 6. 0-0 Na5 7. Qe2 Nxc4 8. Qxc4 d5 9. Qd3 dxe4 10. Nxe4 Nxe4 11. Qxe4 Qd5 12. Qg4 Qf5 13. Qxf5 exf5 14. Bf4 Bd6 15. Be5 Be6 16. b3 f6 17. Bxd6 cxd6 18. c4 d5 19. Rae1 Rae8 20. cxd5 Bxd5 21. Rxe8 Rxe8 22. Re1 Re4 23. Rxe4 fxe4 24. Nd2 b5 25. Kf1 Kf7 26. Ke2 Ke6 27. f3 exf3+ 28. Nxf3 Be4 29. g3 Kd5 30. Ke3 Bxf3 31. Kxf3 Kxd4 32. Ke2 Kc3 33. Kd1 Kb2 34. Kd2 Kxa2 35. Kc3 a5 36. h4 f5 37. h5 h6 38. Kc2 b4 0-1

[Event "LSS No Engine Cup 140 Preliminary 0"]
[Site "LSS email"]
[Date "2015.10.12"]
[Round "?"]
[White "Csapo, Andras"]
[Black "Zmolil, Karel"]
[Result "0-1"]
[WhiteElo "1600"]
[BlackElo "1616"]
[PlyCount "84"]
[EventDate "2015.10.13"]
[EventType "tourn (corr)"]
[EventRounds "6"]
[EventCountry "GER"]
[SourceTitle "Corr 2022"]
[Source "ChessBase"]
[SourceDate "2021.10.24"]
[SourceVersion "1"]
[SourceVersionDate "2021.10.24"]
[SourceQuality "1"]

1. Nc3 d5 2. d4 Nf6 3. Nf3 e6 4. Bg5 Be7 5. g3 h6 6. Bxf6 Bxf6 7. Bg2 0-0 8. 0-0 b6 9. Qd3 c5 10. dxc5 bxc5 11. b3 Ba6 12. Qd2 Nc6 13. Rad1 Rc8 14. Na4 Nd4 15. Nxd4 Bxd4 16. c3 Bf6 17. Nb2 Re8 18. Rfe1 d4 19. cxd4 cxd4 20. Rc1 Qd6 21. Rxc8 Rxc8 22. Rc1 Rxc1+ 23. Qxc1 Bxe2 24. Qd2 Ba6 25. Nc4 Qc7 26. Bf1 Bb7 27. Bg2 Bxg2 28. Kxg2 g5 29. a4 Qb7+ 30. f3 Qxb3 31. Nb2 Qc3 32. Qf2 d3 33. Nxd3 Qxd3 34. Qxa7 Qe2+ 35. Qf2 Qc4 36. a5 Bd4 37. Qf1 Qa2+ 38. Kh3 Qxa5 39. f4 Qf5+ 40. Kg2 g4 41. Qe1 Qd5+ 42. Kf1 Qf3+ 0-1

[Event "LSS No Engine Cup 140 Preliminary 0"]
[Site "LSS email"]
[Date "2015.10.12"]
[Round "?"]
[White "Mueller Toepler, Michael"]
[Black "Csapo, Andras"]
[Result "1-0"]
[WhiteElo "1901"]
[BlackElo "1600"]
[PlyCount "41"]
[EventDate "2015.10.13"]
[EventType "tourn (corr)"]
[EventRounds "6"]
[EventCountry "GER"]
[SourceTitle "Corr 2022"]
[Source "ChessBase"]
[SourceDate "2021.10.24"]
[SourceVersion "1"]
[SourceVersionDate "2021.10.24"]
[SourceQuality "1"]

1. e4 d5 2. exd5 Qxd5 3. Nc3 Qe5+ 4. Be2 Nf6 5. Nb5 Na6 6. Nf3 Qc5 7. d4 Qc6 8. 0-0 Nd5 9. Ne5 Qe6 10. c4 Nb6 11. c5 Nd5 12. Re1 c6 13. Bg4 Qf6 14. Bxc8 Rxc8 15. Ng4 Qg6 16. Nd6+ Kd7 17. Ne5+ Kc7 18. Nxg6 hxg6 19. Nxf7 Rh5 20. Qg4 Nf4 21. Rxe7+ 1-0

[Event "ZN-2015-0-03156"]
[Site "LSS email"]
[Date "2015.10.06"]
[Round "?"]
[White "Mori, Roberto"]
[Black "Csapo, Andras"]
[Result "1-0"]
[WhiteElo "456"]
[BlackElo "618"]
[PlyCount "59"]
[EventDate "2015.10.02"]
[EventType "match (corr)"]
[EventRounds "2"]
[EventCountry "GER"]
[SourceTitle "Corr 2022"]
[Source "ChessBase"]
[SourceDate "2021.10.24"]
[SourceVersion "1"]
[SourceVersionDate "2021.10.24"]
[SourceQuality "1"]

1. e4 d5 2. d4 dxe4 3. Nc3 Nf6 4. Bg5 Bg4 5. Be2 Qd7 6. Bxf6 exf6 7. Bxg4 f5 8. Bh3 Nc6 9. Nge2 Bb4 10. 0-0 Bxc3 11. bxc3 0-0 12. Ng3 Ne7 13. Nxe4 Qd5 14. Ng3 f4 15. Ne2 f3 16. Nf4 Qg5 17. Qxf3 b5 18. Rfe1 Rae8 19. Re5 Qf6 20. Rae1 Qd6 21. Qg3 c6 22. Nh5 g6 23. Bd7 Rd8 24. Rxe7 Qd5 25. Nf6+ Kg7 26. Nxd5 cxd5 27. Qe5+ Kg8 28. Be6 h5 29. Qf6 Kh7 30. Bxf7 1-0

[Event "CP-2015-P-00050"]
[Site "LSS email"]
[Date "2015.09.28"]
[Round "?"]
[White "Tanti, Joseph"]
[Black "Csapo, Andras"]
[Result "1-0"]
[WhiteElo "1758"]
[BlackElo "618"]
[PlyCount "55"]
[EventDate "2015.10.01"]
[EventType "tourn (corr)"]
[EventRounds "6"]
[EventCountry "GER"]
[SourceTitle "Corr 2022"]
[Source "ChessBase"]
[SourceDate "2021.10.24"]
[SourceVersion "1"]
[SourceVersionDate "2021.10.24"]
[SourceQuality "1"]

1. e4 d5 2. exd5 Qxd5 3. Nc3 Qe6+ 4. Be2 Nf6 5. Nf3 Nbd7 6. d4 c6 7. 0-0 g6 8. Ng5 Qf5 9. Bc4 e6 10. Re1 Nb6 11. Re5 Qg4 12. Be2 Qh4 13. Nf3 Qh5 14. Rxh5 Nxh5 15. g4 Nf6 16. g5 Nfd7 17. Ne4 Bg7 18. Nd6+ Ke7 19. Bf4 c5 20. Nb5 Nd5 21. Bd6+ Kd8 22. c4 N5b6 23. dxc5 Bxb2 24. Ne5 Bxe5 25. Bxe5 Ke7 26. Qd6+ Ke8 27. Nc7+ Kd8 28. Bf6# 1-0

[Event "SN-2015-0-00704"]
[Site "LSS email"]
[Date "2015.09.26"]
[Round "?"]
[White "Hughes, Chris"]
[Black "Csapo, Andras"]
[Result "1-0"]
[WhiteElo "850"]
[BlackElo "629"]
[PlyCount "69"]
[EventDate "2015.09.07"]
[EventType "tourn (corr)"]
[EventRounds "6"]
[EventCountry "GER"]
[SourceTitle "Corr 2022"]
[Source "ChessBase"]
[SourceDate "2021.10.24"]
[SourceVersion "1"]
[SourceVersionDate "2021.10.24"]
[SourceQuality "1"]

1. d4 d5 2. c4 c6 3. Nf3 Nf6 4. Nc3 e6 5. e3 Bb4 6. Bd3 0-0 7. 0-0 Bxc3 8. bxc3 Ne4 9. Qc2 Qa5 10. cxd5 cxd5 11. Bd2 Nd7 12. Bxe4 dxe4 13. Qxe4 Nf6 14. Qd3 Qh5 15. h3 e5 16. Nxe5 Bxh3 17. gxh3 Qg5+ 18. Kh2 a6 19. e4 Qh4 20. Nf3 Qh5 21. Rg1 Qa5 22. c4 Qc7+ 23. Kh1 Qe7 24. e5 Nd7 25. Rg3 b5 26. cxb5 axb5 27. Qxb5 Rab8 28. Qd3 Rb6 29. a4 Rd8 30. a5 Rb7 31. a6 Ra7 32. Be3 f6 33. exf6 Nxf6 34. Ne5 Qd6 35. Qc4+ 1-0

[Event "ZN-2015-0-03146"]
[Site "LSS email"]
[Date "2015.09.25"]
[Round "?"]
[White "Tassinati, Mirco"]
[Black "Csapo, Andras"]
[Result "1-0"]
[WhiteElo "438"]
[BlackElo "629"]
[PlyCount "53"]
[EventDate "2015.09.11"]
[EventType "match (corr)"]
[EventRounds "2"]
[EventCountry "GER"]
[SourceTitle "Corr 2022"]
[Source "ChessBase"]
[SourceDate "2021.10.24"]
[SourceVersion "1"]
[SourceVersionDate "2021.10.24"]
[SourceQuality "1"]

1. e4 e5 2. Nf3 Nc6 3. Nc3 Nf6 4. Bb5 Bc5 5. 0-0 0-0 6. Bxc6 bxc6 7. Na4 Bb6 8. Nxb6 cxb6 9. Nxe5 Nxe4 10. d3 Qe7 11. f4 d6 12. Nxc6 Qb7 13. dxe4 Qxc6 14. e5 Bb7 15. Rf2 dxe5 16. fxe5 Rad8 17. Qg4 Rfe8 18. Bf4 Rd4 19. c3 Re4 20. Qf3 f6 21. exf6 Qxf6 22. Qg3 Qf5 23. Bh6 Qe5 24. Rf5 Qe7 25. Raf1 Qc5+ 26. Kh1 Re2 27. Qxg7# 1-0

[Event "RN-2015-0-01028"]
[Site "LSS email"]
[Date "2015.09.23"]
[Round "?"]
[White "Csapo, Andras"]
[Black "Venturas, Bob"]
[Result "0-1"]
[WhiteElo "629"]
[BlackElo "612"]
[PlyCount "84"]
[EventDate "2015.09.13"]
[EventType "tourn (corr)"]
[EventRounds "6"]
[EventCountry "GER"]
[SourceTitle "Corr 2022"]
[Source "ChessBase"]
[SourceDate "2021.10.24"]
[SourceVersion "1"]
[SourceVersionDate "2021.10.24"]
[SourceQuality "1"]

1. d4 d5 2. Nf3 Nc6 3. e3 a6 4. g3 Nf6 5. Bg2 Bf5 6. 0-0 h6 7. b3 e6 8. c4 Be4 9. Nc3 Bb4 10. Bd2 Bd3 11. Ne2 dxc4 12. Bxb4 Nxb4 13. Ne1 Nfd5 14. Bxd5 Bxe2 15. Qxe2 exd5 16. bxc4 dxc4 17. Qxc4 a5 18. Qb5+ c6 19. Qe5+ Qe7 20. Qxg7 0-0-0 21. Qg4+ Kb8 22. a3 Nd5 23. Nd3 Rdg8 24. Qf5 Nc3 25. Ne5 h5 26. h4 Qxh4 27. Nxf7 Rxg3+ 28. fxg3 Qxg3+ 29. Kh1 Qh4+ 30. Kg2 Rg8+ 31. Ng5 Rxg5+ 32. Qxg5 Qxg5+ 33. Kh1 Qh4+ 34. Kg2 Ne2 35. Rf8+ Ka7 36. Kf3 Qg4+ 37. Kf2 h4 38. Rb1 h3 39. Rf7 Qg2+ 40. Ke1 Qg1+ 41. Rf1 Qxe3 42. Rh1 Ng3+ 0-1

[Event "OP-2015-0-03824"]
[Site "LSS email"]
[Date "2015.09.22"]
[Round "?"]
[White "Csapo, Andras"]
[Black "Dlugolecki, Grzegorz"]
[Result "0-1"]
[WhiteElo "629"]
[BlackElo "1681"]
[PlyCount "44"]
[EventDate "2015.09.17"]
[EventType "tourn (corr)"]
[EventRounds "4"]
[EventCountry "GER"]
[SourceTitle "Corr 2022"]
[Source "ChessBase"]
[SourceDate "2021.10.24"]
[SourceVersion "1"]
[SourceVersionDate "2021.10.24"]
[SourceQuality "1"]

1. d4 Nf6 2. Nf3 d5 3. g3 e6 4. Bg2 Be7 5. 0-0 0-0 6. Qd3 c5 7. b3 cxd4 8. Nxd4 e5 9. Nf5 Bc5 10. e4 dxe4 11. Bxe4 Qxd3 12. cxd3 Nxe4 13. Bb2 Ng5 14. Nd2 Bxf5 15. Bxe5 Rd8 16. Bf4 Nh3+ 17. Kg2 Rxd3 18. Rfe1 Nxf4+ 19. Kg1 Nh3+ 20. Kg2 Rxd2 21. Rac1 Rxf2+ 22. Kh1 Nd7 0-1